ՀՀ Գիտությունների ազգային ակադեմիայի հիմնարար գիտական գրադարան  =   Fundamental Scientific Library of NAS RA

Памяти Герцена / (Record no. 148785)

MARC details
000 -LEADER
fixed length control field 00878nam a2200229 a 4500
001 - CONTROL NUMBER
control field 000392223
003 - CONTROL NUMBER IDENTIFIER
control field AM-YeHGA
005 - DATE AND TIME OF LATEST TRANSACTION
control field 20250617132315.0
008 - FIXED-LENGTH DATA ELEMENTS--GENERAL INFORMATION
fixed length control field 041206s1982 ||| r 000 0 rus d
040 ## - CATALOGING SOURCE
Original cataloging agency AM-YeHGA
041 0# - LANGUAGE CODE
Language code of text/sound track or separate title rus
090 ## - LOCALLY ASSIGNED LC-TYPE CALL NUMBER (OCLC); LOCAL CALL NUMBER (RLIN)
-- 150174
100 1# - MAIN ENTRY--PERSONAL NAME
Personal name Ленин, Владимир Ильич.
245 10 - TITLE STATEMENT
Title Памяти Герцена /
Statement of responsibility, etc. В.И. Ленин; Вступ. ст. Б.М. Морозова.
260 ## - PUBLICATION, DISTRIBUTION, ETC.
Place of publication, distribution, etc. Москва :
Name of publisher, distributor, etc. Книга,
Date of publication, distribution, etc. 1982.
300 ## - PHYSICAL DESCRIPTION
Extent 328 с. ;
Dimensions 6 см.
600 14 - SUBJECT ADDED ENTRY--PERSONAL NAME
Personal name Герцен, Александр Иванович
653 0# - INDEX TERM--UNCONTROLLED
Uncontrolled term Русские революционные демократы
653 0# - INDEX TERM--UNCONTROLLED
Uncontrolled term Общественная мысль в России - 19 в.
653 0# - INDEX TERM--UNCONTROLLED
Uncontrolled term Революционное движение в России - 19 в.
700 1# - ADDED ENTRY--PERSONAL NAME
Personal name Морозов, Б.М.
Relator term авт. вступ. ст.
Relationship aui
Holdings
Withdrawn status Lost status Damaged status Not for loan Collection Home library Current library Date acquired Total checkouts Full call number Barcode Date last seen Price effective from Koha item type Public note
        General Fundamental Scientific Library Fundamental Scientific Library 28/12/2016   3К23 110052313 28/12/2016 28/12/2016 Գրքեր / Books Two weeks Loan


ՀՀ ԳԱԱ հիմնարար գիտական գրադարան
ՀՀ,Երևան 0019
Մարշալ Բաղրամյան 24/6
հեռախոս:(374-10) 52-47-50
Հետադարձ կապ

All site content, except where otherwise noted, is licensed under a
Creative Commons License